[Event "AUTO-ADV-755"]
[Site "http://www.queenalice.com/game.php?id=328702"]
[Date "2007.12.31"]
[Round "1"]
[White "ironildo_luiz"]
[Black "Horial"]
[Result "0-1"]
[WhiteElo "1892"]
[BlackElo "1852"]

1. Nf3 Nf6 2. d4 g6 3. c4 Bg7 4. Nc3 d6 5. e4 O-O 6. Be2 Re8 7. Be3 Nbd7 8. h3
e5 9. d5 h6 10. Qd2 Kh7 11. g4 c6 12. g5 hxg5 13. dxc6 bxc6 14. Qxd6 Re6 0-1

[Event "AUTO-ADV-755"]
[Site "http://www.queenalice.com/game.php?id=328703"]
[Date "2007.12.31"]
[Round "1"]
[White "Horial"]
[Black "ironildo_luiz"]
[Result "1-0"]
[WhiteElo "1886"]
[BlackElo "1669"]

1. e4 e5 2. Nf3 Nc6 3. Bb5 a6 4. Ba4 Nf6 5. O-O b5 6. Bb3 Bb7 7. c3 Nxe4 8. Re1
d5 9. d3 Nc5 10. Nxe5 Nxe5 11. Rxe5+ Be7 12. Bf4 O-O 13. Re1 Nxb3 14. axb3 1-0

[Event "AUTO-ADV-755"]
[Site "http://www.queenalice.com/game.php?id=328718"]
[Date "2007.12.31"]
[Round "1"]
[White "Horial"]
[Black "carlosaude"]
[Result "1-0"]
[WhiteElo "1899"]
[BlackElo "1641"]

1. e4 e5 2. Nf3 Nc6 3. Bb5 Nge7 4. c3 g6 5. d4 Bg7 6. O-O O-O 7. Bg5 h6 8. Bxc6
dxc6 9. Bh4 Qd7 10. Nbd2 exd4 11. cxd4 b6 12. Nc4 b5 13. Nce5 Qe6 14. Re1 g5 15.
Bg3 Bb7 16. Rc1 1-0

[Event "AUTO-ADV-755"]
[Site "http://www.queenalice.com/game.php?id=328719"]
[Date "2007.12.31"]
[Round "1"]
[White "carlosaude"]
[Black "Horial"]
[Result "0-1"]
[WhiteElo "1635"]
[BlackElo "1905"]

1. e4 e5 2. Nf3 Nc6 3. Nc3 Nf6 4. Be2 Be7 5. O-O O-O 6. d3 d6 7. b3 Be6 8. Bb2
a6 9. h3 Qd7 10. Qd2 Nd4 11. Nxd4 exd4 12. Nd5 Nxd5 13. exd5 Bxd5 0-1

[Event "AUTO-ADV-755"]
[Site "http://www.queenalice.com/game.php?id=328720"]
[Date "2007.12.31"]
[Round "1"]
[White "Horial"]
[Black "fbn"]
[Result "1-0"]
[WhiteElo "1904"]
[BlackElo "1809"]

1. e4 e6 2. d3 Nc6 3. Nf3 a6 4. g3 d5 5. Nbd2 d4 6. Bg2 b5 7. O-O e5 8. Nb3 h6
9. c3 a5 10. cxd4 Bg4 11. dxe5 a4 12. Nbd2 Nxe5 13. d4 Nc6 14. h3 Bxf3 15. Nxf3
Ra6 16. Bf4 Be7 17. Rc1 g5 18. Be5 f6 19. Bxc7 Qxc7 20. d5 Qd7 21. dxc6 Rxc6 22.
Qxd7+ Kxd7 23. Rfd1+ Kc7 24. Rxc6+ Kxc6 25. e5 Kc5 26. e6 h5 27. Rd7 Rh7 28. Nd4
Kc4 29. Nf5 b4 30. Bf1+ Kc5 31. f3 1-0

[Event "AUTO-ADV-755"]
[Site "http://www.queenalice.com/game.php?id=328721"]
[Date "2007.12.31"]
[Round "1"]
[White "fbn"]
[Black "Horial"]
[Result "0-1"]
[WhiteElo "1819"]
[BlackElo "1910"]

1. e4 e5 2. Nf3 Nc6 3. c3 Nf6 4. d3 Be7 5. b4 a6 6. Be2 d6 7. h3 Be6 8. O-O O-O
9. Be3 b5 10. a4 Qd7 11. a5 Na7 12. Qc2 c5 13. d4 cxd4 14. cxd4 Rfc8 15. Nc3
exd4 16. Bxd4 Nc6 17. Qb2 Nxd4 18. Nxd4 Bxh3 19. gxh3 Qxh3 20. Rfc1 Qh4 21. Nf3
Qg4+ 22. Kf1 Nxe4 23. Nxe4 Qxe4 24. Ke1 Bf6 25. Rxc8+ Rxc8 26. Rc1 Re8 27. Qd2
Qxf3 0-1

[Event "1TP2008"]
[Site "http://www.queenalice.com/game.php?id=333067"]
[Date "2008.1.8"]
[Round "-"]
[White "Horial"]
[Black "andreavb"]
[Result "0-1"]
[WhiteElo "1922"]
[BlackElo "1866"]

1. e4 e5 2. Nf3 d6 3. d4 Nd7 4. dxe5 dxe5 5. Bc4 c6 6. Nc3 Be7 7. O-O Ngf6 8.
Bg5 b5 9. Bb3 O-O 10. Re1 a5 11. a3 Qc7 12. Bh4 Bb7 13. Qe2 Nc5 14. Bg3 Bd6 15.
Qe3 Nxb3 16. cxb3 b4 17. Na4 c5 18. Nd2 Rad8 19. f3 Ba6 20. Qg5 h6 21. Qf5 Bc8
0-1

[Event "1TP2008"]
[Site "http://www.queenalice.com/game.php?id=333142"]
[Date "2008.1.8"]
[Round "-"]
[White "andreavb"]
[Black "Horial"]
[Result "0-1"]
[WhiteElo "1871"]
[BlackElo "1870"]

1. e4 e5 2. Nf3 Nc6 3. Bc4 Be7 4. d4 exd4 5. Nxd4 Nf6 6. Nc3 O-O 7. Bg5 Nxe4 8.
Nxc6 bxc6 9. Nxe4 Bxg5 10. Nxg5 Qxg5 11. Qf3 Re8+ 12. Be2 Ba6 0-1

[Event "1TP2008"]
[Site "http://www.queenalice.com/game.php?id=333145"]
[Date "2008.1.8"]
[Round "-"]
[White "Claudemir"]
[Black "Horial"]
[Result "1/2-1/2"]
[WhiteElo "2038"]
[BlackElo "1954"]

1. e4 e5 2. Nf3 Nc6 3. Bb5 a6 4. Bxc6 dxc6 5. O-O Bg4 6. d3 Qf6 7. Nbd2 O-O-O 8.
h3 Bh5 9. g4 Bg6 10. Nc4 Bxe4 11. Ncxe5 Bxf3 12. Nxf3 h6 13. Re1 Bc5 14. c3 Ne7
15. Be3 Bxe3 16. Rxe3 Nd5 17. Re5 g6 18. d4 Nf4 19. Qf1 Nd5 20. Nd2 Qg7 21. Rae1
f6 22. Re6 h5 23. Rxc6 bxc6 24. Qxa6+ Kd7 25. Nb3 Rde8 26. Nc5+ Kd6 27. Nb7+ Kd7
28. Nc5+ Kd6 29. Nb7+ Kd7 30. Nc5+ 1/2-1/2

[Event "1TP2008"]
[Site "http://www.queenalice.com/game.php?id=333146"]
[Date "2008.1.8"]
[Round "-"]
[White "Tonyc"]
[Black "Horial"]
[Result "0-1"]
[WhiteElo "2008"]
[BlackElo "1948"]

1. d4 Nf6 2. c4 g6 3. Nc3 Bg7 4. e3 O-O 5. Nf3 d6 6. h3 Nc6 7. Be2 e5 8. d5 Ne7
9. O-O Nh5 10. Ng5 Nf6 11. e4 h6 12. Nf3 Nh7 13. a3 f5 14. Qd3 f4 15. b4 g5 16.
Nd2 Nf6 17. Bb2 h5 18. Nf3 g4 19. hxg4 hxg4 20. Ng5 Ng6 21. Ne6 Bxe6 22. dxe6 f3
23. gxf3 Nf4 24. Qd1 gxf3 25. Bxf3 Qe8 26. Ne2 Qg6+ 27. Ng3 Nh7 28. e7 Rf7 29.
Bc1 Ng5 30. Bh5 Nxh5 31. Qxh5 Qxh5 32. Nxh5 Nxe4 33. Be3 Rxe7 34. Ng3 Nxg3 35.
fxg3 Rf7 36. Rxf7 Kxf7 37. Rf1+ Ke6 38. Kg2 b6 39. a4 Rf8 40. Rh1 Rh8 41. Rxh8
Bxh8 42. Kf3 d5 43. cxd5+ Kxd5 44. g4 Kc4 45. Bd2 Kd3 46. Be1 e4+ 47. Kf2 e3+
48. Kf3 c5 49. bxc5 bxc5 50. g5 c4 51. Kg2 c3 52. Bg3 c2 53. Kh3 c1=Q 54. Kg4 e2
0-1

[Event "1TP2008"]
[Site "http://www.queenalice.com/game.php?id=333148"]
[Date "2008.1.8"]
[Round "-"]
[White "Horial"]
[Black "Claudemir"]
[Result "1-0"]
[WhiteElo "1957"]
[BlackElo "2035"]

1. e4 c5 2. d4 cxd4 3. c3 dxc3 4. Nxc3 e6 5. Nf3 Bb4 6. Bd2 Ne7 7. Bc4 Nbc6 8.
O-O O-O 9. a3 Ba5 10. Rc1 Ng6 11. Qe2 Nge5 12. Nxe5 Nxe5 13. f4 Nxc4 14. Qxc4
Qb6+ 15. Kh1 Qxb2 16. Rfd1 Qxa3 17. Nb5 Qb2 18. Bxa5 Qf6 19. Bb4 Rd8 20. e5 Qh4
21. g3 Qg4 22. Kg2 a6 23. Nc3 b5 24. Qc7 Re8 25. Rd2 f5 26. exf6 gxf6 27. Ne4
Qg7 28. Nd6 Rf8 29. Nxc8 1-0

[Event "1TP2008"]
[Site "http://www.queenalice.com/game.php?id=333209"]
[Date "2008.1.8"]
[Round "-"]
[White "Horial"]
[Black "Tonyc"]
[Result "0-1"]
[WhiteElo "1957"]
[BlackElo "2000"]

1. e4 e5 2. Nf3 Nc6 3. Bb5 a6 4. Ba4 Nf6 5. O-O Be7 6. Re1 O-O 7. Bxc6 dxc6 8.
Nc3 Bc5 9. d3 Ng4 10. Rf1 Qd6 11. h3 Nf6 12. Be3 Bxe3 13. fxe3 b5 14. d4 b4 15.
Ne2 Nxe4 16. Nxe5 c5 17. Nf3 Ng3 18. Nxg3 Qxg3 19. Qe1 Qg6 20. Kh1 Qxc2 21. Qd2
Qxd2 22. Nxd2 cxd4 23. exd4 Bb7 24. Rac1 c6 25. Nb3 a5 26. Nc5 Ba6 27. Rfe1 Bb5
28. Re7 Rae8 29. Rce1 Rxe7 30. Rxe7 Ra8 31. b3 Kf8 32. Rd7 g6 33. g4 Kg7 34.
Ne6+ Kf6 35. Nc7 Rb8 36. Nxb5 Rxb5 37. Rd6+ Ke7 38. Rxc6 Rd5 39. Rc4 Ke6 40.
Rc6+ Rd6 41. Rc4 f5 42. Kg2 fxg4 43. hxg4 Rd5 44. Kf3 h5 45. gxh5 gxh5 46. Rc6+
Kf5 47. Rc4 h4 48. Rc5 Ke6 49. Rc6+ Rd6 50. Rc4 Rd5 51. Kg4 h3 52. Kxh3 Kf5 53.
Kg3 Ke4 0-1

[Event "Desafio 3"]
[Site "http://www.queenalice.com/game.php?id=354525"]
[Date "2008.2.14"]
[Round "-"]
[White "duck"]
[Black "Horial"]
[Result "0-1"]
[WhiteElo "1858"]
[BlackElo "1944"]

1. Nc3 d5 2. d4 Nf6 3. Bg5 e6 4. e4 dxe4 5. Nxe4 Be7 6. Bd3 Nc6 7. c3 O-O 8. Nf3
Nxe4 9. Bxe7 Qxe7 10. Bxe4 Bd7 11. O-O Rad8 12. Qc2 f5 13. Bd3 Qf6 14. Rae1 a6
15. Ne5 Nxe5 16. Rxe5 Bc6 17. Rfe1 Qg5 18. f3 Bxf3 19. Rxe6 Bc6 20. R6e5 g6 21.
Re7 Rd7 22. Rxd7 Bxd7 23. Bc4+ Kg7 24. b4 f4 25. Re5 Qf6 26. Qe2 Kh8 27. Re7 f3
28. gxf3 Qg5+ 29. Kf1 Rxf3+ 30. Qxf3 Qxe7 31. Qxb7 Bh3+ 32. Kf2 Qh4+ 33. Ke2
Bg4+ 0-1

[Event "Desafio 3"]
[Site "http://www.queenalice.com/game.php?id=354526"]
[Date "2008.2.14"]
[Round "-"]
[White "Horial"]
[Black "duck"]
[Result "1-0"]
[WhiteElo "1930"]
[BlackElo "1872"]

1. e4 c5 2. d4 cxd4 3. c3 d3 4. Bxd3 Nc6 5. Nf3 d6 6. O-O g6 7. Be3 Bg7 8. Nbd2
Nf6 9. Nd4 a6 10. f4 Ng4 11. Qf3 O-O 12. h3 Nxe3 13. Qxe3 Qb6 14. Nc4 Qa7 15.
Nc2 Qxe3+ 16. N4xe3 e6 17. Nc4 b5 18. Nxd6 b4 19. e5 bxc3 20. bxc3 Rd8 21. Be4
Bd7 22. Nd4 Nxd4 23. cxd4 f6 24. Bxa8 Rxa8 25. Rfc1 fxe5 26. dxe5 g5 27. Rc7 Bb5
28. g3 h6 29. Nxb5 axb5 30. Rb7 Ra5 31. Kg2 Bf8 32. Kf3 b4 33. Rb8 Kf7 34. Ke4
Be7 35. Rb7 Kf8 36. f5 exf5+ 37. Kxf5 1-0

[Event "Challenge"]
[Site "http://www.queenalice.com/game.php?id=366588"]
[Date "2008.3.6"]
[Round "-"]
[White "Horial"]
[Black "Gera"]
[Result "0-1"]
[WhiteElo "1995"]
[BlackElo "1840"]

1. e4 c5 2. d4 cxd4 3. c3 dxc3 4. Nxc3 Nc6 5. Nf3 e6 6. Bc4 Nf6 7. O-O Bb4 8.
Bg5 O-O 9. e5 h6 10. Bh4 g5 11. exf6 gxh4 12. Nxh4 Qxf6 13. Qg4+ Kh8 14. Nf3 d5
15. Bd3 Bxc3 16. bxc3 e5 17. Qh4 Qg7 18. Be2 f6 19. Qg3 Qh7 20. Nh4 Rg8 21. Qf3
Qf7 22. Nf5 Bxf5 23. Qxf5 Rg5 24. Qh3 h5 25. Rab1 b6 26. Bb5 Na5 27. Rfd1 f5 28.
Qe3 Qg7 29. g3 f4 30. Qf3 fxg3 31. fxg3 e4 32. Qf4 Rf8 33. Qe3 Rf3 34. Qd4 h4
0-1

[Event "AUTO-ADV-755"]
[Site "http://www.queenalice.com/game.php?id=388618"]
[Date "2008.4.16"]
[Round "2"]
[White "Horial"]
[Black "Tonto"]
[Result "0-1"]
[WhiteElo "1973"]
[BlackElo "1816"]

1. e4 e5 2. Nf3 d6 3. d4 Nd7 4. Nc3 h6 5. Bc4 Be7 6. dxe5 dxe5 7. O-O Ngf6 8. b3
a6 9. Bb2 Nc5 10. Nxe5 Qxd1 11. Bxf7+ Kf8 12. Raxd1 Ncxe4 13. Nxe4 Bf5 14. Nxf6
Bxf6 15. Bc4 Bxe5 16. Bxe5 b5 17. Bd3 Bxd3 18. Rxd3 c6 19. Rd7 Kg8 20. Rxg7+ Kf8
21. Rc7 Rg8 22. Rxc6 Rg5 23. Bf4 Rd5 24. Bxh6+ Kf7 25. Re1 Re8 26. Be3 Red8 27.
h3 a5 28. Bb6 Ra8 29. c3 a4 30. Rc5 Rd3 0-1

[Event "AUTO-ADV-755"]
[Site "http://www.queenalice.com/game.php?id=388619"]
[Date "2008.4.16"]
[Round "2"]
[White "Tonto"]
[Black "Horial"]
[Result "1-0"]
[WhiteElo "1838"]
[BlackElo "1951"]

1. e4 e5 2. d3 Nc6 3. a3 Nf6 4. Nf3 Bc5 5. h3 h6 6. Nc3 d6 7. Be2 Be6 8. Bd2 d5
9. Na4 Bd6 10. exd5 Bxd5 11. Be3 Qd7 12. c4 Bxf3 13. Bxf3 Nd4 14. Bxd4 exd4 15.
Qe2+ Kf8 16. b3 Re8 17. Be4 Qe7 18. O-O Nxe4 19. Qxe4 Qxe4 20. dxe4 Rxe4 21.
Rae1 f5 22. f3 Rxe1 23. Rxe1 Bxa3 24. Re5 g6 25. Rd5 Ke7 26. Rxd4 Rd8 27. Rxd8
Kxd8 28. Nc3 c6 29. Kf2 Kd7 30. Ne2 1-0

[Event "AUTO-OPEN-945"]
[Site "http://www.queenalice.com/game.php?id=440681"]
[Date "2008.7.29"]
[Round "2"]
[White "animis"]
[Black "Horial"]
[Result "1-0"]
[WhiteElo "1984"]
[BlackElo "1943"]

1. e4 e5 2. Nf3 Nc6 3. Bc4 Nf6 4. O-O Be7 5. c3 d5 6. exd5 Nxd5 7. d4 exd4 8.
Nxd4 O-O 9. Nf3 Nb6 10. Bb3 Qxd1 11. Bxd1 Bf5 12. Bf4 Rac8 13. Nbd2 1-0

[Event "AUTO-OPEN-945"]
[Site "http://www.queenalice.com/game.php?id=440682"]
[Date "2008.7.29"]
[Round "2"]
[White "Horial"]
[Black "animis"]
[Result "0-1"]
[WhiteElo "1929"]
[BlackElo "1998"]

1. e4 c5 2. d4 cxd4 3. c3 d3 4. Bxd3 Nc6 5. Nf3 d6 6. Be3 Nf6 7. Nbd2 e6 8. O-O
Be7 9. Qc2 O-O 10. Nd4 a6 11. f4 Nd7 0-1

[Event "AUTO-OPEN-945"]
[Site "http://www.queenalice.com/game.php?id=440685"]
[Date "2008.7.29"]
[Round "2"]
[White "Vampyr"]
[Black "Horial"]
[Result "1-0"]
[WhiteElo "2125"]
[BlackElo "1957"]

1. e4 e5 2. Nf3 Nc6 3. Bc4 Nf6 4. Ng5 d5 5. exd5 Nd4 6. c3 b5 7. Bf1 Nf5 8.
Bxb5+ Bd7 9. Qe2 Bd6 10. O-O O-O 11. Bxd7 Qxd7 12. c4 Nd4 13. Qd1 Qf5 14. d3 1-0

[Event "AUTO-OPEN-945"]
[Site "http://www.queenalice.com/game.php?id=440686"]
[Date "2008.7.29"]
[Round "2"]
[White "Horial"]
[Black "Vampyr"]
[Result "0-1"]
[WhiteElo "1966"]
[BlackElo "2148"]

1. e4 c5 2. d4 cxd4 3. c3 Nf6 4. e5 Nd5 5. cxd4 d6 6. Nc3 Nxc3 7. bxc3 dxe5 8.
Bb5+ Bd7 9. Bxd7+ Qxd7 10. dxe5 Qc7 11. Bb2 Qxe5+ 12. Ne2 Nc6 13. O-O Rd8 14.
Qc2 e6 15. Rfe1 Bd6 0-1